Statystyki dla Piłkarze którzy byli w 11 roku UEFA

Kliknij tutaj aby rozwiązać quiz!

Ogólne statystyki

  • Ten quiz został rozwiązany 1 680 razy
  • Średni wynik to 30 z 86

Statystyki odpowiedzi

NrOdpowiedź% Poprawnych
30Cristiano Ronaldo
99%
44Lionel Messi
99%
20Ronaldo
98%
50Sergio Ramos
81%
74Neymar
80%
77Luka Modric
78%
66Manuel Neuer
76%
56Andres Iniesta
74%
51Xavi
73%
61Marcelo
68%
54Gerrard Pique
67%
32Ronaldinho
67%
45Iker Casillas
63%
21Gianluigi Buffon
60%
86Kylian Mbappe
58%
70Toni Kroos
57%
46Dani Alves
55%
13Carles Puyol
54%
43Kaka
54%
48Zlatan Ibrahimovic
54%
8Zinedine Zidane
52%
62Arjen Robben
49%
23Paolo Maldini
49%
52Franck Ribery
48%
10Thierry Henry
48%
80Kevin De Bruyne
45%
83Virgil Van Dijk
45%
41Philipp Lahm
44%
72Paul Pogba
43%
63Gareth Bale
42%
37Steven Gerrard
42%
60Thiago Silva
42%
85Ngolo Kante
41%
84Raphael Varane
41%
40Fabio Cannavaro
38%
49Didier Drogba
37%
38Samuel Eto
36%
64Andrea Pirlo
35%
75Jerome Boateng
35%
24Luis Figo
35%
81Eden Hazard
33%
6David Beckham
32%
53Fernando Torres
32%
16Roberto Carlos
32%
67David Alaba
31%
59David Villa
31%
76Leonardo Bonucci
31%
82Marc Andre Ter Stegen
31%
79Giorgio Chiellini
30%
14Alessandro Nesta
29%
78Antoine Griezmann
28%
34Petr Cech
27%
71Angel Di Maria
25%
35John Terry
25%
69David Luiz
23%
68Marco Reus
23%
25Pavel Nedved
23%
33Andrij Szewczenko
22%
27Cafu
22%
7Patrick Vieira
19%
58Wesley Sneijder
19%
65Mesut Ozil
17%
29Ashley Cole
16%
17Clarence Seedorf
15%
18Michael Ballack
13%
55Patrice Evra
13%
42Cesc Fabregas
12%
11David Trezeguet
12%
47Eric Abidal
12%
73James Rodriguez
12%
39Gianluca Zambrotta
11%
57Maicon
9%
26Ruud Van Nisterlooy
8%
28Ricardo Carvalho
7%
9Kily Gonzalez
4%
1Santiago Canizares
3%
5Bixente Lizarazu
2%
31Maniche
2%
3Samin Hyypia
2%
2Cosmin Contra
1%
15Cristian Chivu
1%
19Damien Duff
1%
36Luis Garcia
1%
4Patrik Andersson
1%
22Paulo Ferreira
1%
12Rustu Recber
1%

Rozkład punktacji

Percentyl według liczby udzielonych odpowiedzi

Procent ludzi z każdym wynikiem

Twoja historia wyników

Nie rozwiązałeś tego quizu